Southville International School and Colleges
Your cart is empty.
  • Cart
  • Lists
    Public lists Eva Luna New books Lux_list list_1
    Your lists Log in to create your own lists
  • Log in to your account
  • Your cookies
  • Search history
Southville International School and Colleges
  • Advanced search
  • Recent comments
  • Most popular
  • Libraries

Log in to your account

Log in with GOOGLE


If you do not have an external account, but do have a local account, you can still log in:

  1. Home
  2. MARC view: Technology in action :
Normal view MARC view ISBD view

Technology in action : (Record no. 295)

[ view plain ]
MARC details
000 -LEADER
fixed length control field 01252cam a2200373 a 4500
001 - CONTROL NUMBER
control field 3087461
003 - CONTROL NUMBER IDENTIFIER
control field OSt
005 - DATE AND TIME OF LATEST TRANSACTION
control field 20140310181625.0
008 - FIXED-LENGTH DATA ELEMENTS--GENERAL INFORMATION
fixed length control field 980224s1999 miua c be 001 0 eng
010 ## - LIBRARY OF CONGRESS CONTROL NUMBER
LC control number 98015377
020 ## - INTERNATIONAL STANDARD BOOK NUMBER
International Standard Book Number 0787628093 (set)
020 ## - INTERNATIONAL STANDARD BOOK NUMBER
International Standard Book Number 0787628107 (vol. 1)
020 ## - INTERNATIONAL STANDARD BOOK NUMBER
International Standard Book Number 0787628115 (vol. 2)
020 ## - INTERNATIONAL STANDARD BOOK NUMBER
International Standard Book Number 0787628123 (vol. 3)
040 ## - CATALOGING SOURCE
Original cataloging agency DLC
Transcribing agency DLC
Modifying agency DLC
042 ## - AUTHENTICATION CODE
Authentication code lcac
050 00 - LIBRARY OF CONGRESS CALL NUMBER
Classification number T 48
Item number .En54 1999
082 00 - DEWEY DECIMAL CLASSIFICATION NUMBER
Classification number REF 603
Item number En3 1999
100 1# - MAIN ENTRY--PERSONAL NAME
Personal name Engelbert, Phillis.
245 10 - TITLE STATEMENT
Title Technology in action :
Remainder of title science applied to everyday life /
Statement of responsibility, etc Phillis Engelbert ; edited by Jane Hoehner.
260 ## - PUBLICATION, DISTRIBUTION, ETC. (IMPRINT)
Place of publication, distribution, etc Detroit :
Name of publisher, distributor, etc UXL :
Date of publication, distribution, etc c1999.
300 ## - PHYSICAL DESCRIPTION
Extent 160 p. :
Other physical details ill. ;
Dimensions 25 cm.
650 #0 - SUBJECT ADDED ENTRY--TOPICAL TERM
Topical term or geographic name as entry element Technology
General subdivision Encyclopedias, Juvenile.
650 #1 - SUBJECT ADDED ENTRY--TOPICAL TERM
Topical term or geographic name as entry element Technology
General subdivision Encyclopedias.
700 1# - ADDED ENTRY--PERSONAL NAME
Personal name Hoehner, Jane.
906 ## - LOCAL DATA ELEMENT F, LDF (RLIN)
a 7
b cbc
c orignew
d 1
e ocip
f 19
g y-gencatlg
942 ## - ADDED ENTRY ELEMENTS (KOHA)
Source of classification or shelving scheme Library of Congress Classification
Koha item type Books
Holdings
Withdrawn status Lost status Source of classification or shelving scheme Damaged status Home library Current library Shelving location Date acquired Total Checkouts Full call number Barcode Date last seen Copy number Price effective from Koha item type
    Library of Congress Classification   Luxembourg Library Luxembourg Library Reference Section 02/06/2012   QA 76.5 .En57 1999 vol.1 11465 08/13/2013 1 10/03/2013 Books
    Library of Congress Classification   Luxembourg Library Luxembourg Library Reference Section 07/03/2013   T 48 .En54 1999 vol.2 11466 08/13/2013 1 07/03/2013 Books
    Library of Congress Classification   Luxembourg Library Luxembourg Library Reference Section 07/03/2013   QA 76.5 .En57 1999 vol.3 11467 08/13/2013 1 07/03/2013 Books

Technology in action :

APA

Engelbert P., Hoehner J., . (1999). Technology in action. Detroit: UXL.

Chicago

Engelbert Phillis, Hoehner Jane, . 1999. Technology in action. Detroit: UXL.

Harvard

Engelbert P., Hoehner J., . (1999). Technology in action. Detroit: UXL.

MLA

Engelbert Phillis, Hoehner Jane, . Technology in action. Detroit: UXL. 1999.

  • Print
  • Cite
  • Add to your cart (remove)
  • Save record
    BIBTEX Dublin Core MARCXML MARC (non-Unicode/MARC-8) MARC (Unicode/UTF-8) MARC (Unicode/UTF-8, Standard) MODS (XML) RIS
  • More searches
    Search for this title in:
    Other Libraries (WorldCat) Other Databases (Google Scholar) Online Stores (Bookfinder.com) Open Library (openlibrary.org)

Exporting to Dublin Core...

SOUTHVILLE LIBRARY

Southville International School and Colleges Library

1281 Tropical Ave. Cor. Luxembourg St., BF Homes International, Las Pinas City

Tel. No. 8256374 / 252358 Loc. 117/146

Powered by Koha